000 01047nam a2200289 a 4500
001 000035747
003 DO-SdBNP
005 20240530073921.0
008 100324s2011 dr r 000 f spa d
020 _a9789945429367
040 _aDO-SdBNP
_bspa
_cBNPHU
082 4 _aRD863.42
_bM358o, 2011
_222
100 1 _aMarrero Aristy, Ramón,
_d1913-1959
_922324
245 1 0 _aOver /
_cRamón Marrero Aristy ; con amplio estudio de José Enrique García.
260 _aSanto Domingo :
_bAlfaguara,
_c2011.
300 _a260 p. ;
_c20 cm.
490 1 _aAlfaguara
_aRoja
505 0 _tOver /
_rRamón Marrero Aristy --
_tOver: una novela que no envejece /
_rJosé Enrique García.
590 _aInventariado, 2019 / DG
600 1 4 _aMarrero Aristy, Ramón,
_d1913-1959
_xCrítica e interpretación
_929207
650 0 _aNovela dominicana
_9223
650 0 _aLiteratura dominicana.
_967
700 1 2 _aGarcía, José Enrique,
_d1948-
_922487
830 4 _aAfaguara
_pRoja
_961692
910 _aValidado. Control de calidad. MMOLINA
942 _2ddc
_cLBS1
999 _c35238
_d35238